[Event "ch-ARG s/f"]
[Site "Buenos Aires ARG"]
[Date "2006.03.24"]
[Round "4"]
[White "Barrionuevo,P"]
[Black "Fedrizzi,A"]
[Result "0-1"]
[WhiteElo "2232"]
[BlackElo "2117"]

1.d4 Nf6 2.Bg5 g6 3.Nc3 d5 4.Qd2 c6 5.f3 Bg7 6.Bh6 Bxh6 7.Qxh6 Be6 8.O-O-O Qa5
9.e3 Nbd7 10.Nge2 b5 11.Nf4 b4 12.Nb1 Qxa2 13.Nxe6 fxe6 14.Bd3 O-O-O 15.Qh3 Nf8
16.g4 a5 17.Qg3 Kb7 18.h4 N6d7 19.h5 g5 20.e4 Rc8 21.Qe1 c5 22.exd5 cxd4
23.Bb5 Qxd5 24.Qe2 Kb6 25.Ba6 Rc7 26.Nd2 e5 27.Bc4 Qc6 28.Bd3 Ka7 29.Nc4 Qc5
30.Rhe1 Ne6 31.Kb1 Rhc8 32.Nxe5 Nb6 33.Nd7 Rxd7 34.Qxe6 Rc6 35.Qg8 h6 36.Re6 Nd5
37.Rxc6 Qxc6 38.Be4 Qc5 39.Qe8 Nb6 40.Qg6 Rd6 41.Qg7 Rf6 42.Qg8 Qd6 43.Qe8 e5
44.Qb5 a4 45.Qa5+ Kb8 46.Qa6 Rf7 47.Qb5 Rc7 48.Bf5 Qc5 49.Qe8+ Ka7 50.Re1 Re7
51.Qh8 a3 52.Qxh6 axb2 53.Qxg5 Rc7 54.Bd3 Qa5  0-1

[Event "TCh-AUT 2005-6"]
[Site "Austria AUT"]
[Date "2006.03.26"]
[Round "11"]
[White "Beliavsky,A"]
[Black "Ruck,R"]
[Result "1/2-1/2"]
[WhiteElo "2626"]
[BlackElo "2540"]

1.d4 Nf6 2.Bg5 d5 3.e3 c5 4.Bxf6 gxf6 5.c3 Qb6 6.Qc2 Nc6 7.Nd2 cxd4 8.exd4 e5
9.Ngf3 Bh6 10.g3 exd4 11.Bg2 dxc3 12.bxc3 Qa6 13.c4 O-O 14.O-O dxc4 15.Nxc4 Be6
16.Nd6 Rfd8 17.Nf5 Bf8 18.N3h4 Nd4 19.Qe4 Nxf5 20.Nxf5 Qc4 21.Qf3 Rd7 22.Qh5 Rad8
23.Rae1 Bxf5 24.Qxf5 Bg7 25.Re4 Qc3 26.Rh4 h6 27.Be4 Kf8 28.Rg4 Qe5 29.Qh7 f5
30.Bxf5 Rd1 31.Rxd1 Rxd1+ 32.Kg2 Rd4 33.Rxd4 Qxd4 34.Be4 Qd7 35.Bf3 b6 36.Qe4 Bf6
37.Be2 Qe7 38.Qf3 Bd4 39.Bc4 Qf6 40.Qa8+ Kg7 41.f4 Qf5 42.Bb3 Bc5 43.Qf3 a5
44.a4 Bd4 45.Qe2 Kf8 46.h4 Kg7 47.Qc4 Bc5 48.Kh2 Qd7 49.h5 Qe7 50.Qc3+ Qf6
51.Qc4 Qe7 52.Ba2 Qf6 53.Qd5 Qe6 54.Qxe6 fxe6 55.Bxe6 Kf6 56.Bc4 Bf2 57.Kg2 Be1
58.Kf3 Ke7 59.g4 Kf6 60.Ke4 Bd2 61.Be2 Bc1 62.Bd1 Bd2 63.g5+ hxg5 64.f5 g4
65.Bxg4 Bc1 66.Be2 Bd2 67.Bb5 Bc1 68.Be8 Bd2 69.Bg6 Bc1 70.Kd5 Bd2 71.Kc6 Be3
72.Kd7 Bd2 73.Ke8 Bc1 74.Kf8 Bd2 75.Kg8 Bc1 76.Kh7 Bd2 77.h6 Bc1 78.Be8 Bd2  1/2-1/2

[Event "ch-ARG s/f"]
[Site "Buenos Aires ARG"]
[Date "2006.03.27"]
[Round "8"]
[White "Barrionuevo,P"]
[Black "Quarracino,S"]
[Result "1-0"]
[WhiteElo "2232"]
[BlackElo "2041"]

1.d4 Nf6 2.Bg5 g6 3.Bxf6 exf6 4.e3 d5 5.g3 Be6 6.Bg2 c6 7.Nd2 Nd7 8.Ne2 f5
9.b3 a5 10.O-O h5 11.h4 g5 12.hxg5 Qxg5 13.Nf4 Bd6 14.Nf3 Qg7 15.Nh4 Be7
16.Qf3 Bxh4 17.gxh4 Qg4 18.Qh3 Nf8 19.Qh2 Ng6 20.Nxg6 Qxg6 21.c3 O-O-O 22.Kh1 Rdg8
23.Bf3 Qf6 24.Rg1 Rg6 25.Rxg6 fxg6 26.Qf4 Bf7 27.Kh2 Re8 28.Rc1 Qe7 29.c4 dxc4
30.bxc4 Qc7 31.Qxc7+ Kxc7 32.Kg3 Kd7 33.Kf4 Ke7 34.Rb1 Kf6 35.Rxb7 Bxc4 36.Bxc6 Re6
37.Rc7 Bxa2 38.f3 Rd6 39.Ba4 Bf7 40.Ra7 Bc4 41.Rxa5 Bf7 42.Bb5 Be6 43.Ra4 Rb6
44.Bc4 Bxc4 45.Rxc4 Rb1 46.Rc6+ Kf7 47.Ke5 Rb3 48.Rc7+ Kg8 49.Kf4 Rb1 50.d5 Kf8
51.e4 Rb4 52.Ke5 Rb3 53.Kf6 Ke8 54.e5 Rxf3 55.Ke6 Kd8 56.d6 Rd3 57.Rg7 Kc8
58.Rg8+ Kb7 59.Ke7 Kc6 60.Rxg6 Kd5 61.e6 Ke5 62.d7 f4 63.d8=Q  1-0

[Event "22nd Spring Festival Open"]
[Site "Budapest HUN"]
[Date "2006.03.30"]
[Round "8"]
[White "Hoang Tri"]
[Black "Horvath,Je"]
[Result "1/2-1/2"]
[WhiteElo "2193"]
[BlackElo "2122"]

1.d4 d5 2.Bg5 Nf6 3.e3 Nbd7 4.Nf3 c6 5.Bd3 g6 6.O-O Bg7 7.Nbd2 O-O 8.c3 Re8
9.Re1 Qb6 10.Qc2 a5 11.Rad1 e5 12.e4 dxe4 13.Nxe4 Nxe4 14.Rxe4 h6 15.Be3 Qc7
16.Bf4 Qb6 17.Nxe5 Nxe5 18.Bxe5 Bf5 19.Re3 Bxd3 20.Rdxd3 Bxe5 21.Rxe5 Rxe5
22.dxe5 Re8 23.Re3 Re6 24.h3 Qc5 25.Qe4 Kg7 26.Kh2 Qd5 27.Qf4 Qd7 28.c4 Qd2
29.b3 Qd7 30.Qe4 Re8 31.Rd3 Qe7 32.f4 Qc7 33.Qd4 Re7 34.Qa7 h5 35.Qa8 Rxe5  1/2-1/2

[Event "TCh-FRA Top 16 Gp A"]
[Site "Montpellier FRA"]
[Date "2006.03.30"]
[Round "4"]
[White "Duquesnoy,JP"]
[Black "Sakaev,K"]
[Result "0-1"]
[WhiteElo "2242"]
[BlackElo "2649"]

1.d4 Nf6 2.Bg5 d5 3.e3 Ne4 4.Bf4 c5 5.Bd3 Nf6 6.dxc5 Nc6 7.Bb5 Bd7 8.Bxc6 Bxc6
9.Nf3 Qa5+ 10.Nbd2 Qxc5 11.O-O e6 12.Ne5 Be7 13.a4 O-O 14.Nb3 Qb6 15.a5 Qa6
16.Bg5 Bb5 17.Re1 Qd6 18.Nd4 Ba6 19.Nd3 Rac8 20.h3 Ne4 21.Bf4 Qd8 22.f3 Nf6
23.Qd2 Re8 24.Bh2 Bf8 25.Rec1 h6 26.Nb4 e5 27.Nf5 Bb5 28.Rd1 Qd7 29.g4 g6
30.Nxd5 Qxd5 31.Qxd5 Nxd5 32.Rxd5 Bc6 33.Rxe5 gxf5 34.gxf5 Rxe5 35.Bxe5 Bxf3
36.c3 Be4 37.f6 Rc5 38.Bf4 Bg6 39.Kf2 Rf5  0-1

[Event "Bundesliga 2005-6"]
[Site "Kreuzberg GER"]
[Date "2006.04.01"]
[Round "14"]
[White "Schneider,Il"]
[Black "Zesch,L"]
[Result "1-0"]
[WhiteElo "2392"]
[BlackElo "2292"]

1.d4 Nf6 2.Bg5 c5 3.Bxf6 gxf6 4.d5 Qb6 5.Qc1 Bg7 6.g3 f5 7.c3 d6 8.Bg2 Nd7
9.Nh3 h5 10.Nd2 h4 11.Nc4 Qa6 12.Ne3 Nf6 13.Qc2 e6 14.dxe6 fxe6 15.g4 Bd7
16.gxf5 e5 17.Ng5 Bh6 18.Qb3 c4 19.Qb4 b5 20.Bxa8 Bxg5 21.Rd1 Ke7 22.Rg1 Bxe3
23.Rg7+ Kf8 24.Rxd7  1-0

[Event "Liguilla Absoluta"]
[Site "Lima PER"]
[Date "2006.04.04"]
[Round "7"]
[White "Cordova,Em"]
[Black "Ramos,Er"]
[Result "1-0"]
[WhiteElo "2429"]
[BlackElo "2274"]

1.d4 Nf6 2.Bg5 d5 3.Nd2 e6 4.e3 Be7 5.Bd3 b6 6.f4 Bb7 7.Qf3 Nbd7 8.c3 h6
9.Bxf6 Nxf6 10.Nh3 Qd6 11.Nf2 g5 12.g3 O-O-O 13.a4 gxf4 14.exf4 c5 15.a5 cxd4
16.cxd4 Qb4 17.Qe3 Ne4 18.axb6 Nxd2 19.Qxd2 axb6 20.Qxb4 Bxb4+ 21.Ke2 h5
22.Bb5 Bd6 23.Nd3 f6 24.Kf3 Rh7 25.Rhe1 Re7 26.Re2 Kb8 27.Rae1 Bc8 28.f5 e5
29.dxe5 Bxf5 30.exd6 Bg4+ 31.Kf2 Rxe2+ 32.Rxe2 Bxe2 33.Kxe2 Rxd6 34.Nf4 Rd8
35.h4 Rg8 36.Kf2 Kc7 37.Nxd5+ Kd6 38.Nf4 Ke5 39.Be2 Kd4 40.b4 b5 41.Nxh5 Kc3
42.Bxb5 Kxb4 43.Be2 Kc5 44.Kg2 Rf8 45.Nf4 Kd6 46.h5 Rh8 47.Kh3 Rh6 48.Kg4 Ke7
49.Bc4 Kf8 50.Ne6+ Kg8 51.Nd4+ Kh8 52.Bd3 Kg8 53.Bg6 Rh8 54.Ne6 Rh6 55.Kf5 Rh8
56.Kxf6 Rh6 57.Kg5  1-0

[Event "7th ch-Euro w"]
[Site "Kusadasi TUR"]
[Date "2006.04.05"]
[Round "2"]
[White "Motoc,A"]
[Black "Agrest,I"]
[Result "1-0"]
[WhiteElo "2342"]
[BlackElo "2030"]

1.d4 Nf6 2.Bg5 g6 3.Bxf6 exf6 4.g3 d5 5.Bg2 Bg7 6.e3 O-O 7.Ne2 c6 8.O-O Re8
9.Nd2 Nd7 10.c4 dxc4 11.Nxc4 Nf8 12.b4 h5 13.Rc1 g5 14.d5 cxd5 15.Bxd5 Qe7
16.Nd6 Rd8 17.Bxf7+ Qxf7 18.Nxf7 Rxd1 19.Rfxd1 Bg4 20.f3 Bxf3 21.Kf2 Bxe2
22.Kxe2 Kxf7 23.Rc7+ Kg6 24.Rxb7 g4 25.Re7 Bh6 26.a4 a6 27.b5 axb5 28.axb5 Rb8
29.Rb1 Rb6 30.Rc7 Ne6 31.Rc6 Rxc6 32.bxc6 Bf8 33.Rd1 Bc5 34.Rd7 Bb6 35.e4 Ba5
36.Rd6 Kf7 37.Rd5 Bb6 38.Kf1 Kg6 39.Rd7 Ba5 40.Re7 Nc7 41.Ke2 Bb6 42.Kd3 Kh6
43.e5 fxe5 44.Ke4 Kg6 45.Kxe5 Kh6 46.Kd6 Nb5+ 47.Kd7 Nd4 48.Re1 Nxc6 49.Kxc6 Bf2
50.Rf1 Be3 51.Kd5 Kg6 52.Ke4 Bb6 53.Rb1 Bc7 54.Rb7  1-0

[Event "ch-CUB KO"]
[Site "Santa Clara CUB"]
[Date "2006.04.08"]
[Round "2.2"]
[White "Corrales,Fi"]
[Black "Bruzon,L"]
[Result "1/2-1/2"]
[WhiteElo "2493"]
[BlackElo "2652"]

1.d4 Nf6 2.Bg5 d5 3.Bxf6 exf6 4.g3 c6 5.Bg2 f5 6.e3 Nd7 7.Ne2 Nf6 8.O-O Bd6
9.Nd2 Be6 10.c4 h5 11.c5 Bc7 12.h4 Ne4 13.Nf3 O-O 14.b4 Qe7 15.a4 Bd7 16.Qd3 a6
17.Nf4 g6 18.Rfe1 Rfb8 19.Rab1 Kg7 20.Qc2 Qe8 21.b5 axb5 22.axb5 Ra5 23.b6 Bxf4
24.exf4 Rba8 25.Re2 Ra3 26.Kh2 Qd8 27.Rb3 R3a4 28.Ne5 Nf6 29.Qd2 Be8 30.Kh3 Ne4
31.Qe3 Nf6 32.f3 Bd7 33.Nd3 Be6 34.Nb4 Nd7 35.Rd2 Kg8 36.Rdd3 Kg7 37.Nc2 R8a5
38.Ra3 Qa8 39.Rxa4 Rxa4 40.Ra3 Rxa3 41.Nxa3 Qa4 42.Nb1 Kf8 43.Nd2 Qb4 44.Qd3 Kg7
45.Qe3 Kg8 46.Kh2 Nf8 47.Kg1 f6 48.Bf1 Bd7 49.Kf2 Ne6 50.Nb3 Kf7 51.Be2 Bc8
52.Qd3 Qa3 53.Qc2 Qb4 54.Qd3  1/2-1/2

[Event "CCF Easter"]
[Site "Coulsdon ENG"]
[Date "2006.04.10"]
[Round "2"]
[White "Taylor,Mart"]
[Black "Lukman,R"]
[Result "1/2-1/2"]
[WhiteElo "2305"]
[BlackElo "2265"]

1.d4 Nf6 2.Bg5 d5 3.Bxf6 exf6 4.e3 Bd6 5.g3 h5 6.h4 c6 7.Nd2 Qb6 8.Rb1 Qc7
9.Bh3 Nd7 10.c4 dxc4 11.Nxc4 Bb4+ 12.Nd2 Nb6 13.a3 Bxd2+ 14.Qxd2 Bxh3 15.Nxh3 Qd7
16.Rc1 O-O-O 17.Rc5 g5 18.Ng1 Nd5 19.Ne2 Qg4 20.Nc3 Qf3 21.Rh2 Nxc3 22.Qxc3 g4
23.Qc2 Rd5 24.Rxd5 Qxd5 25.Qc5 Qe4 26.Qxa7 Qb1+ 27.Ke2 Qxb2+ 28.Kf1 Qb1+
29.Kg2 Qe4+ 30.Kg1 Kc7 31.Rg2 f5 32.Kh2 Re8 33.Rg1 Qf3 34.Rg2 Qd5 35.Rg1 Qf3
36.Rg2 Qd5 37.Rg1 Qb5 38.Kg2 Rd8 39.Rc1 Rd5 40.Qa8 Qb2 41.Rc5 Rxc5  1/2-1/2

[Event "XXIX Open"]
[Site "Donostia San Sebastian ESP"]
[Date "2006.04.10"]
[Round "4"]
[White "Argandona Rivero,I"]
[Black "Gomez Esteban,J"]
[Result "1/2-1/2"]
[WhiteElo "2382"]
[BlackElo "2495"]

1.d4 Nf6 2.Bg5 d5 3.Bxf6 exf6 4.e3 Bd6 5.g3 c6 6.Nd2 O-O 7.Bg2 f5 8.Ne2 Nd7
9.O-O Nf6 10.c4 dxc4 11.Nxc4 Bc7 12.Nc3 Be6 13.Qe2 Qe7 14.a3 Rad8 15.Rfc1 Ne4
16.Nd2 Nxd2 17.Qxd2 c5 18.d5 Be5 19.Rd1 Bc8 20.Qc2 b6 21.Rd2 g6 22.Rad1 Qd6
23.Nb5 Qd7 24.a4 Ba6 25.Na3 Qe7 26.Qb3 Bd6 27.Nb5 h5 28.Qc4 Rd7 29.Re2 Qf6
30.b3 Rfd8 31.Ra2 Be5 32.Rad2 Kg7 33.h4 Re7 34.Rd3 Bd6 35.f4 Bxb5 36.axb5 Rde8
37.Kf2 Rg8 38.Qc3 Qxc3 39.Rxc3  1/2-1/2

[Event "7th ch-Euro w"]
[Site "Kusadasi TUR"]
[Date "2006.04.10"]
[Round "7"]
[White "Stojanovic,An"]
[Black "Dzagnidze,N"]
[Result "0-1"]
[WhiteElo "2193"]
[BlackElo "2452"]

1.d4 Nf6 2.Bg5 g6 3.Bxf6 exf6 4.c4 Bg7 5.e3 O-O 6.Nf3 d6 7.Be2 f5 8.O-O Nd7
9.Nc3 Nf6 10.Nd2 h5 11.Qc2 Re8 12.b4 g5 13.Bd3 Qd7 14.Nf3 Nh7 15.b5 Bf6 16.c5 dxc5
17.dxc5 g4 18.Nd4 Bxd4 19.exd4 Qxd4 20.Ne2 Qe5 21.Ng3 Nf6 22.Nxf5 Bxf5 23.Bxf5 Rad8
24.c6 b6 25.Bd3 Rd4 26.Rad1 Kg7 27.Qc1 Qf4 28.Qb2 Red8 29.Be2 Rd2 30.Rxd2 Qxd2
31.Rb1 Qxb2 32.Rxb2 Rd4 33.f3 Nd5 34.fxg4 hxg4 35.Kf2 f5 36.h3 gxh3 37.gxh3 Kf6
38.Bf3 Nf4 39.Kg3 Ng6 40.Be2 f4+ 41.Kf2 Ne5 42.h4 Kf5 43.h5 Ke4 44.h6 Rd6
45.h7 Rh6 46.Rb4+ Kf5 47.Ra4 Rh2+ 48.Kg1 Rxh7 49.Rxa7 f3 50.Bd1 Kf4 51.Ra4+ Kg3
52.Ra3 Rh8  0-1

[Event "17th Pobeskydi Radegast Cup"]
[Site "Frydek Mistek CZE"]
[Date "2006.04.13"]
[Round "1"]
[White "Cibicek,J"]
[Black "Macura,E"]
[Result "0-1"]
[WhiteElo "1935"]
[BlackElo "2151"]

1.d4 Nf6 2.Bg5 d5 3.Bxf6 exf6 4.e3 Bf5 5.c4 Bxb1 6.Qxb1 Bb4+ 7.Kd1 O-O 8.Bd3 h6
9.c5 c6 10.g4 Nd7 11.h4 Ba5 12.Nf3 Bc7 13.g5 h5 14.g6 b6 15.b4 a5 16.a3 axb4
17.axb4 Rxa1 18.Qxa1 Qa8 19.gxf7+ Kxf7 20.Qb1 bxc5 21.Bg6+ Ke7 22.bxc5 Rb8
23.Qc1 Qa2 24.Bc2 Ba5 25.Rg1 Kf8 26.Ne1 Kf7 27.Nd3 Nf8 28.Nf4 g6 29.Nxg6 Ne6
30.Rg2 Rb2 31.f4 Qc4 32.Rg1 Nxd4 33.Qxb2 Qe2+ 34.Kc1 Qxe3+ 35.Kb1 Qxg1+ 36.Ka2 Nb5
37.Nh8+ Kg7 38.Bg6 Qxc5  0-1

[Event "LII Nacional Abierto"]
[Site "Mexico City MEX"]
[Date "2006.04.13"]
[Round "4"]
[White "Leon Hoyos,M"]
[Black "Alford,J"]
[Result "1-0"]
[WhiteElo "2428"]
[BlackElo "2266"]

1.d4 Nf6 2.Bg5 c5 3.Bxf6 gxf6 4.d5 Qb6 5.Qc1 d6 6.e3 Rg8 7.c4 Bf5 8.Nc3 Nd7
9.Qd2 Bh6 10.Nge2 Ne5 11.Ng3 Bg6 12.h4 e6 13.h5 Bf5 14.Nxf5 exf5 15.f4 Ng4
16.Bd3 Kf8 17.O-O-O Qa6 18.Kb1 Bg7 19.Bxf5 Nh6 20.Bxh7 Rh8 21.Bd3 f5 22.Rhe1 Rg8
23.Rc1 Bf6 24.e4 fxe4 25.Nxe4 Bd4 26.Ng5 Kg7 27.Re7 Bf6 28.Ne6+ Kh8 29.f5 Kh7
30.Nc7 Qb6 31.Nxa8 Rxa8 32.Rce1 Rg8 33.R1e6  1-0

[Event "LII Nacional Abierto"]
[Site "Mexico City MEX"]
[Date "2006.04.14"]
[Round "5"]
[White "Martin del Campo,J"]
[Black "Tey Carrera,J"]
[Result "1-0"]
[WhiteElo "2215"]
[BlackElo "2048"]

1.d4 Nf6 2.Bg5 d5 3.Nd2 c5 4.dxc5 Na6 5.Bxf6 exf6 6.e3 Nxc5 7.Bb5+ Bd7 8.Bxd7+ Qxd7
9.Ngf3 Ne6 10.Nb3 Bd6 11.c3 Be5 12.O-O O-O 13.Qd3 Rfd8 14.Rfd1 g6 15.g3 Qa4
16.Kg2 Qe4 17.Qxe4 dxe4 18.Nxe5 fxe5 19.Rd2 Rxd2 20.Nxd2 f5 21.Nc4 Rd8 22.Nxe5 Rd5
23.Nc4 b5 24.Na3 Rd2 25.Nxb5 Nc5 26.Nxa7 Rxb2 27.a4 Nd3 28.a5 Nxf2 29.a6 Ng4+
30.Kg1 Ne5 31.Nb5  1-0

[Event "KB Bank"]
[Site "Reykjavik ISL"]
[Date "2006.04.14"]
[Round "4"]
[White "Thorfinnsson,Bj"]
[Black "Bjornsson,Si"]
[Result "1/2-1/2"]
[WhiteElo "2311"]
[BlackElo "2335"]

1.d4 Nf6 2.Bg5 d5 3.Bxf6 exf6 4.e3 Bd6 5.Bd3 O-O 6.Ne2 c6 7.b3 Re8 8.c4 dxc4
9.bxc4 c5 10.O-O Nc6 11.Nbc3 Bg4 12.h3 Bh5 13.Qb1 cxd4 14.Nxd4 Be5 15.Nxc6 bxc6
16.Qc2 f5 17.Rab1 Qf6 18.Ne2 Rad8 19.Rb7 Bxe2 20.Bxe2 f4 21.exf4 Bxf4 22.Rd1 g6
23.g3 Bd6 24.Kg2 Bc5 25.Bf3 Rxd1  1/2-1/2

[Event "17th Pobeskydi Arcimpex Cup"]
[Site "Frydek Mistek CZE"]
[Date "2006.04.15"]
[Round "5"]
[White "Jakubek,P"]
[Black "Michenka,J"]
[Result "1/2-1/2"]
[WhiteElo "2244"]
[BlackElo "2385"]

1.d4 Nf6 2.Bg5 c5 3.dxc5 e6 4.Nd2 Bxc5 5.e3 O-O 6.Ngf3 d5 7.Be2 b6 8.O-O Bb7
9.c4 Be7 10.Rc1 Nbd7 11.Nd4 Rc8 12.a3 Ne5 13.N4f3 Nxc4 14.Nxc4 dxc4 15.Bxc4 Qxd1
16.Rfxd1 Rfd8 17.Bb3 h6 18.Bh4 Rxd1+ 19.Rxd1 g5 20.Bg3 Bd5 21.Bxd5 Nxd5 22.Nd4 Bf6
23.h3 Rc4 24.b3 Rc3 25.Bb8 a6 26.e4 Nf4 27.e5 Be7 28.Bd6 Kf8 29.a4 Bxd6 30.exd6 Ke8
31.b4 Kd7 32.b5 axb5 33.Nxb5 Rc5 34.Ra1 Nd5 35.Ra3 f5 36.h4 g4 37.h5 Kc6
38.Kh2 f4 39.Ra2 Nf6 40.Kg1 Rxh5 41.Re2 Kd7 42.Nc7 e5 43.Rd2 e4 44.Na8 Kc6
45.Nxb6 Kxb6 46.d7 Nxd7 47.Rxd7 Kc5 48.Rf7 f3 49.Rf4 Kd4 50.Rxg4 Kd3 51.gxf3 exf3
52.Rf4 Ke2 53.Re4+ Kd2 54.Rf4 Ke2 55.Re4+ Kd2  1/2-1/2

[Event "7th ch-Euro w"]
[Site "Kusadasi TUR"]
[Date "2006.04.15"]
[Round "11"]
[White "Juergens,V"]
[Black "Isgandarova,K"]
[Result "1-0"]
[WhiteElo "2330"]
[BlackElo "2058"]

1.d4 Nf6 2.Bg5 c5 3.Bxf6 gxf6 4.e3 Qb6 5.Nc3 cxd4 6.exd4 d6 7.Bb5+ Bd7 8.Nd5 Qd8
9.Qe2 Bg7 10.c3 Nc6 11.Nf3 a6 12.Bd3 Qa5 13.Ne3 e5 14.Bf5 Be6 15.O-O Ne7
16.Nh4 Ng6 17.Bxe6 fxe6 18.Qh5 Qc7 19.d5 exd5 20.Nxd5 Qf7 21.Nf5 Qxd5 22.Nxg7+ Kf7
23.Nf5 Rad8 24.Rad1 Qe6 25.c4 b5 26.Rd5 bxc4 27.Rfd1 Rd7 28.g3 Ke8 29.Rxd6 Rxd6
30.Rxd6 Qf7 31.Qd1 Qc7 32.Qa4+ Kf8 33.Rxf6+  1-0

[Event "7th ch-Euro w t/b"]
[Site "Kusadasi TUR"]
[Date "2006.04.16"]
[Round "3.2"]
[White "Stefanova,A"]
[Black "Dembo,Y"]
[Result "1-0"]
[WhiteElo "2502"]
[BlackElo "2464"]

1.d4 Nf6 2.Bg5 d5 3.Nd2 c5 4.e3 e6 5.c3 Be7 6.Bd3 cxd4 7.exd4 O-O 8.Ngf3 Nc6
9.Qe2 a6 10.O-O b5 11.Nb3 h6 12.Bxf6 Bxf6 13.Nc5 Qd6 14.a4 bxa4 15.Nxa4 Bd8
16.Rfe1 Bc7 17.g3 a5 18.Ne5 Nxe5 19.dxe5 Qc6 20.c4 Rb8 21.cxd5 Qxd5 22.Qe4 Qxe4
23.Rxe4 Bb7 24.Ree1 Rfd8 25.Be4 Ba6 26.Bf3 Rb5 27.Be2 Rd4 28.Bxb5 Bxb5 29.Nc3 Bc6
30.Rad1 Rb4 31.Rd2 Kf8 32.h3 Ke7 33.Rc2 Rc4 34.Rd2 Bb7 35.Red1 Bc6 36.Re1 a4
37.Rd3 Rb4 38.Rd2 Rb8 39.g4 Rb3 40.Rc2 Ba5 41.Ra1 Rb4 42.Nd1 Be4 43.Rcc1 Bf3
44.Nc3 Rxb2 45.Rxa4 Bb6 46.Rf1 Bc6 47.Ra6 Kd7 48.Rd1+ Kc7 49.Rf1 Kb7 50.Raa1 Rc2
51.Rac1 Rb2 52.Rb1 Rc2 53.Nd1 Ka6 54.Ne3 Re2 55.Ra1+ Kb7 56.Rfb1 Kc7 57.Nc4 Bxf2+
58.Kf1 Bf3 59.Rb2 Rxb2 60.Nxb2 Bd4 61.Rc1+ Kd7 62.Nd3  1-0

[Event "17th Pobeskydi Hamont Cup"]
[Site "Frydek Mistek CZE"]
[Date "2006.04.17"]
[Round "9"]
[White "Bombek,P"]
[Black "Toma,K"]
[Result "1/2-1/2"]
[WhiteElo "2225"]
[BlackElo "2238"]

1.d4 Nf6 2.Bg5 g6 3.Bxf6 exf6 4.g3 Bg7 5.Bg2 f5 6.e3 d6 7.Ne2 Nd7 8.c4 Nf6
9.Nbc3 O-O 10.O-O Re8 11.b4 c6 12.b5 Ne4 13.Qc2 Qe7 14.Rab1 h5 15.bxc6 bxc6
16.Nxe4 fxe4 17.h4 d5 18.cxd5 Ba6 19.dxc6 Bd3 20.Qb2 Bxb1 21.Qxb1 f5 22.Nf4 Kh7
23.Rc1 Rab8 24.Qc2 Qd6 25.Bf1 Rec8 26.Ba6 Rc7 27.Qc5 Qxc5 28.Rxc5 Bf8 29.Rc2 Rb6
30.Bb7 Bd6 31.Rd2 Rb1+ 32.Kg2 Rc1 33.Rb2 Bxf4 34.gxf4 Kg7 35.Rb5 Kf6 36.Ra5 Ke7
37.Rxa7 R1xc6 38.Bxc6  1/2-1/2

[Event "TCh-HUN 2005-6"]
[Site "Hungary HUN"]
[Date "2006.04.23"]
[Round "11"]
[White "Lorincz,I"]
[Black "Schneider,Ve"]
[Result "0-1"]
[WhiteElo "2348"]
[BlackElo "2193"]

1.d4 Nf6 2.Bg5 d5 3.Bxf6 exf6 4.e3 g6 5.c4 c6 6.Qb3 Bd6 7.Nc3 dxc4 8.Bxc4 O-O
9.Nge2 f5 10.h4 Nd7 11.h5 Nb6 12.hxg6 hxg6 13.Bxf7+ Rxf7 14.Rh8+ Kxh8 15.Qxf7 Qh4
16.O-O-O Bd7 17.Qxg6 Be7 18.Ng3 Rg8 19.Qf7 Rg7 20.Qb3 Rh7 21.Nce2 Bd6 22.Rh1 Qf6
23.Rxh7+ Kxh7 24.a4 Be6 25.Qc2 Nd5 26.e4 Qh6+ 27.Qd2 Nf4 28.exf5 Nd3+ 29.Kc2 Nb4+
30.Kc1 Na2+ 31.Kd1 Bb3+ 32.Ke1 Bxa4 33.f4 Bb4 34.Nc3 Qh4 35.Qe3 Nxc3 36.bxc3 Bd6
37.f6 Bc2 38.Qf2 Bg6 39.Ne2 Qxf2+ 40.Kxf2 Bd3  0-1

[Event "XXIV Open"]
[Site "Metz FRA"]
[Date "2006.04.23"]
[Round "2"]
[White "Heyman,J"]
[Black "Blanchon,P"]
[Result "1-0"]
[WhiteElo "1948"]
[BlackElo "1721"]

1.d4 Nf6 2.Bg5 g6 3.Bxf6 exf6 4.g3 d5 5.Bg2 f5 6.e3 c6 7.Ne2 b6 8.Nd2 Ba6
9.Rc1 Bb4 10.a3 Bxd2+ 11.Qxd2 Qd6 12.h4 h5 13.Nf4 Nd7 14.Nd3 Rd8 15.Qd1 O-O
16.O-O Kg7 17.Re1 Bxd3 18.Qxd3 b5 19.Red1 a5 20.Ra1 a4 21.b3 Nb6 22.b4 Nc4
23.Qc3 Rde8 24.Kh2 Kh6 25.Bf1 Nb6 26.Qd2 Kg7 27.Kg2 Nc8 28.Bd3 Ne7 29.Rf1 Ng8
30.Rae1 Nf6 31.f3 Re7 32.Re2 Rfe8 33.Rfe1 Re6 34.Qd1 R8e7 35.Qd2 Qd8 36.Kf2 Qe8
37.Kg2 Kh6  1-0

[Event "VII TCh-RUS w"]
[Site "Sochi RUS"]
[Date "2006.04.25"]
[Round "6"]
[White "Movsisian,N"]
[Black "Demina,J"]
[Result "0-1"]
[WhiteElo "2291"]
[BlackElo "2302"]

1.d4 Nf6 2.Bg5 d5 3.Bxf6 exf6 4.e3 Be6 5.Nd2 c6 6.Ngf3 f5 7.c4 Nd7 8.Bd3 g6
9.Qb3 Qb6 10.c5 Qc7 11.g3 b6 12.Qc3 Bg7 13.b4 a5 14.cxb6 Qxb6 15.bxa5 Rxa5
16.Nb3 Ra3 17.Qc1 Qb4+ 18.Qd2 Qxb3 19.axb3 Rxa1+ 20.Ke2 Rxh1 21.Qc3 f4 22.Qxc6 O-O
23.b4 fxe3 24.fxe3 Bf6 25.b5 Bd8 26.Kf2 Ra1 27.h4 Ra2+ 28.Kg1 Ra3 29.Qc2 Bf6
30.Nd2 Rfa8 31.Nb1 Ra1 32.h5 Kg7 33.Qc6 R8a3 34.Qc2 Nb6 35.hxg6 hxg6 36.Kh1 Rxd3
37.Qxd3 Bf5 38.Qe2 Bxb1  0-1

[Event "Classics GMB"]
[Site "Gausdal NOR"]
[Date "2006.04.26"]
[Round "4"]
[White "Fries Nielsen,JO"]
[Black "Muratet Casadevall,A"]
[Result "1-0"]
[WhiteElo "2356"]
[BlackElo "2216"]

1.d4 Nf6 2.Bg5 d5 3.e3 Nbd7 4.c4 c5 5.Nc3 Ne4 6.cxd5 Qa5 7.Qc2 cxd4 8.exd4 Nxc3
9.Qxc3 Qxd5 10.Nf3 Nb6 11.a4 Bd7 12.a5 Qe4+ 13.Qe3 Qxe3+ 14.fxe3 Nd5 15.e4 Nf6
16.Bd3 h6 17.Bd2 e6 18.a6 b6 19.Rc1 Be7 20.Ne5 Bd6 21.Nxd7 Nxd7 22.e5 Be7
23.Rc7 Kd8 24.Rb7 f6 25.Bb5 Nf8 26.O-O fxe5 27.dxe5 Bc5+ 28.Kh1 Ng6 29.Rd1  1-0

[Event "8th Dubai Open"]
[Site "Dubai UAE"]
[Date "2006.04.27"]
[Round "5"]
[White "El Arousy,A"]
[Black "Salem,AR"]
[Result "0-1"]
[WhiteElo "2369"]
[BlackElo "2124"]

1.d4 Nf6 2.Bg5 d5 3.Bxf6 gxf6 4.e3 Bf5 5.c4 c6 6.Nc3 e6 7.Nge2 Bd6 8.Qb3 Qd7
9.Ng3 Bg6 10.O-O-O a5 11.cxd5 cxd5 12.Bd3 a4 13.Qb5 Nc6 14.Bxg6 hxg6 15.Kb1 Ra5
16.Qe2 f5 17.f3 f4 18.Nf1 Bb4 19.Qd3 O-O 20.exf4 Rc8 21.h4 a3 22.h5 Ne7 23.hxg6 Nxg6
24.Ng3 axb2 25.Nge2 Ra3 26.Rh6 Kg7 27.Rdh1 Raxc3 28.Nxc3 Rxc3 29.Rxg6+ fxg6
30.Qe2 Qc7 31.Qxb2 Ba3 32.Qd2 Qc4  0-1

[Event "2nd Halkidiki Open"]
[Site "Kalithea GRE"]
[Date "2006.04.27"]
[Round "3"]
[White "Sofronie,I"]
[Black "Ntiloudi,D"]
[Result "1-0"]
[WhiteElo "2419"]
[BlackElo "1906"]

1.d4 Nf6 2.Bg5 c5 3.Bxf6 gxf6 4.d5 d6 5.e3 Bg7 6.c3 f5 7.Bb5+ Bd7 8.Bd3 O-O
9.Ne2 e6 10.Ng3 Qe7 11.Qf3 Bc8 12.Nh5 Be5 13.Nd2 Nd7 14.g4 fxg4 15.Qxg4+ Kh8
16.f4 f5 17.Qh3 Bf6 18.dxe6 Qxe6 19.O-O-O Nb6 20.Kb1 Bd7 21.Nf3 Bc6 22.Nxf6 Rxf6
23.Ng5 Qd7 24.Rhg1 Re8 25.Rg3 Be4 26.Bxe4 fxe4 27.Qxd7 Nxd7 28.Rxd6  1-0

[Event "XXIV Open"]
[Site "Metz FRA"]
[Date "2006.04.28"]
[Round "7"]
[White "Poussier,T"]
[Black "Bruned,B"]
[Result "0-1"]
[WhiteElo "2011"]
[BlackElo "2226"]

1.d4 Nf6 2.Bg5 c5 3.Bxf6 gxf6 4.d5 Qb6 5.Qc1 f5 6.e3 Bg7 7.c3 d6 8.Nd2 Nd7
9.Ne2 Nf6 10.c4 Ne4 11.Nxe4 Bxb2 12.Qd1 fxe4 13.Rb1 Qb4+ 14.Qd2 Qxd2+ 15.Kxd2 Be5
16.a4 b6 17.a5 bxa5 18.Rb5 Ba6 19.Nc3 Bxb5 20.cxb5 Bxc3+ 21.Kxc3 Kd7 22.Be2 Kc7
23.Ra1 Kb6 24.Ra4 f5 25.g4 Raf8 26.g5 Rhg8 27.h4 h6 28.f4 exf3  0-1

[Event "Open B"]
[Site "Djakovo CRO"]
[Date "2006.04.30"]
[Round "1"]
[White "Draganic,S"]
[Black "Ascic,J"]
[Result "1-0"]
[WhiteElo "2244"]
[BlackElo "1973"]

1.d4 d5 2.Bg5 Nf6 3.Bxf6 exf6 4.e3 Bd6 5.Bd3 f5 6.g3 c6 7.c3 Be6 8.Nd2 Nd7
9.Ne2 Nf6 10.Nf4 Bxf4 11.gxf4 Ne4 12.Bxe4 fxe4 13.Qh5 Qf6 14.Rg1 h6 15.O-O-O b5
16.Kb1 a5 17.Rc1 g6 18.Qe5 Qxe5 19.fxe5 Bf5 20.Ka1 h5 21.h4 Bg4 22.f3 exf3
23.Rcf1 Bf5 24.Rxf3 Ke7 25.Rf4 f6 26.exf6+ Kxf6 27.e4 dxe4 28.Nxe4+ Ke6 29.Ng3 Bd3
30.Re1+ Kd7 31.Rf7+ Kd6 32.Rfe7 Bc4 33.R1e5 Bd5 34.b3 Rad8 35.c4 bxc4 36.bxc4 Rd7
37.Rxd7+ Kxd7 38.cxd5  1-0

[Event "4th TCh-SCG"]
[Site "Vrnjacka Banja SCG"]
[Date "2006.05.01"]
[Round "1"]
[White "Kosic,D"]
[Black "Lekic,D"]
[Result "1-0"]
[WhiteElo "2482"]
[BlackElo "2346"]

1.d4 Nf6 2.Bg5 d5 3.e3 Nbd7 4.Nf3 c5 5.Nbd2 Qb6 6.Rb1 g6 7.c3 Bg7 8.Qb3 O-O
9.Be2 Re8 10.Bf4 c4 11.Qa4 Qc6 12.Qxc6 bxc6 13.b3 cxb3 14.Rxb3 Ne4 15.Nxe4 dxe4
16.Nd2 e5 17.Bg3 exd4 18.cxd4 c5 19.Bb5 a5 20.dxc5 Nxc5 21.Bxe8 Nxb3 22.axb3 Ba6
23.Ba4  1-0

[Event "Open B"]
[Site "Djakovo CRO"]
[Date "2006.05.03"]
[Round "5"]
[White "Draganic,S"]
[Black "Kroo,I"]
[Result "1-0"]
[WhiteElo "2244"]
[BlackElo "1866"]

1.d4 Nf6 2.Bg5 d5 3.Bxf6 exf6 4.e3 c6 5.c3 Bd6 6.Bd3 O-O 7.Qc2 g6 8.h4 f5
9.g3 Qf6 10.Ne2 Re8 11.Nd2 b6 12.Nf4 Ba6 13.Bxa6 Nxa6 14.Qa4 Nb8 15.Nxd5 Qd8
16.Nf4 b5 17.Qb3 a5 18.a4 b4 19.Qc4 Bxf4 20.gxf4 Qd5 21.Qxd5 cxd5 22.cxb4 axb4
23.Nb3 Rc8 24.Kd2 Nd7 25.Rhc1 Nb6 26.Rxc8+ Rxc8 27.Nc5 Nc4+ 28.Kc2 Na5 29.Kc1 h5
30.b3 Kf8 31.Kb2 Ke7 32.Rd1 Rc6 33.Rc1 Kd6 34.Rc2 Ke7 35.Nd3 Rxc2+ 36.Kxc2 Nc6
37.a5 f6 38.a6 Kd6 39.a7 Nxa7 40.Nxb4 Nb5 41.Kd3 Nc7 42.Ke2 Nb5 43.Kd2 Nc7
44.Nd3 Kc6 45.Kc3 Kb5 46.Nc5 Ne8 47.Kd3 Kb4 48.Ne6 Kxb3 49.Nf8 Kb4 50.Nxg6 Kb5
51.Ne7 Kb6 52.Nxd5+ Kc6 53.Ne7+ Kd6 54.Nxf5+  1-0